[Event "Landesliga Nord 0102"]
[Site "Bayern"]
[Date "2002.03.17"]
[Round "7.8"]
[White "Muthig, Frank"]
[Black "Graf, Eduard"]
[Result "0-1"]
[WhiteElo "1805"]
[BlackElo "1895"]
[PlyCount "98"]
[EventDate "2001.10.07"]
[EventType "team-tourn"]
[EventRounds "9"]
[EventCountry "GER"]
[SourceTitle "EXT 2003"]
[Source "ChessBase"]
[SourceDate "2002.11.25"]
[SourceVersion "1"]
[SourceVersionDate "2002.11.25"]
[SourceQuality "1"]
[WhiteTeam "Burgsinn"]
[BlackTeam "Koetzting"]
[WhiteTeamCountry "GER"]
[BlackTeamCountry "GER"]

1. d4 Nf6 2. c4 e6 3. Nf3 b6 4. g3 Bb7 5. Bg2 c5 6. e3 Be7 7. 0-0 0-0 8. Nc3 d5 9. b3 Nc6 10. Bb2 dxc4 11. bxc4 Na5 12. Qe2 Qc8 13. Nd2 Bxg2 14. Kxg2 Rd8 15. dxc5 Qxc5 16. Nb5 Nxc4 17. Qxc4 Rxd2 18. Qxc5 Bxc5 19. Bxf6 gxf6 20. Rfd1 Bxe3 21. Rxd2 Bxd2 22. Rd1 Bb4 23. Rd7 a6 24. Na7 Bc5 25. Nc6 Kf8 26. Rc7 b5 27. f3 b4 28. Kh3 a5 29. g4 Bd6 30. Rd7 Bf4 31. Rd4 Be5 32. Rc4 Ke8 33. f4 Bd6 34. f5 Kd7 35. Nd4 Be5 36. Nc6 Ra6 37. Nxe5+ fxe5 38. f6 Rb6 39. Rc5 a4 40. Rxe5 b3 41. axb3 axb3 42. Re1 b2 43. Rb1 e5 44. g5 Rb4 45. Kg3 Ke6 46. h4 Kf5 47. Rf1+ Kg6 48. Rb1 Kh5 49. Kf3 Kxh4 0-1

[Event "Regionalliga NW 9495"]
[Site "Bayern"]
[Date "1994.??.??"]
[Round "?.8"]
[White "Kassubek, Wolfgang"]
[Black "Muthig, Frank"]
[Result "1-0"]
[WhiteElo "2025"]
[BlackElo "1785"]
[PlyCount "71"]
[EventDate "1994.10.??"]
[EventType "team-tourn"]
[EventRounds "9"]
[EventCountry "GER"]
[SourceTitle "EXT 1999"]
[Source "ChessBase"]
[SourceDate "1998.11.16"]
[SourceVersion "1"]
[SourceVersionDate "1998.11.16"]
[SourceQuality "1"]
[WhiteTeam "Schweinfurt Fr"]
[BlackTeam "Burgsinn"]
[WhiteTeamCountry "GER"]
[BlackTeamCountry "GER"]

1. d4 Nf6 2. Nf3 e6 3. Bg5 Be7 4. e3 b6 5. Nbd2 Bb7 6. Bd3 d5 7. 0-0 h6 8. Bh4 0-0 9. Ne5 Nbd7 10. f4 Ne4 11. Bxe7 Qxe7 12. Nxe4 dxe4 13. Bc4 Bd5 14. Be2 Nxe5 15. fxe5 Qg5 16. Qd2 Rad8 17. Rf4 c5 18. Rg4 Qe7 19. Rf1 f5 20. exf6 Rxf6 21. Rxf6 Qxf6 22. Rf4 Qg5 23. dxc5 Bc4 24. Qe1 Qxc5 25. Rxe4 Bd5 26. Rd4 e5 27. Rd3 e4 28. Rd4 Rf8 29. b4 Qc6 30. c4 Be6 31. Qd2 Qb7 32. Bh5 Bf5 33. Rd8 Rxd8 34. Qxd8+ Kh7 35. Qd5 Qe7 36. Qxf5+ 1-0